000 00741cab a2200217 4500
001 ABS41523
008 090401t1989 xxu||||| |||| 00| 0 eng d
035 _a(Sirsi) u30733
041 _aeng
245 _aEastern horizons
260 _c1989
350 _a0
490 _aBuilding
_v13 October 1989, 96-100; 26 October 1989, 76-78
520 _aThe Japan ese construction industry ploughs large amounts of money into research and development . This feature examines what the money is being spent on and looks at the differing approaches of three of the larger companies to R&D.
650 _aKAJIMA
650 _aSHIMIZU
650 _aTAISEI
690 _aBUILDING AND CONSTRUCTION-OVERSEAS
942 _n0
948 _c04/03/1997
999 _c20714
_d20714